UITU Library & LRC     

MAHASIB (CODE BOOK) (Record no. 32400)

MARC details
000 -LEADER
fixed length control field 00548nam a2200145Ia 4500
008 - FIXED-LENGTH DATA ELEMENTS--GENERAL INFORMATION
fixed length control field 260210s9999 xx 000 0 und d
024 ## - OTHER STANDARD IDENTIFIER
Standard number or code 15B-069-BS, 15B-066-BS & 15B-071-BS
082 ## - DEWEY DECIMAL CLASSIFICATION NUMBER
Classification number 004.23072 MAH
100 ## - MAIN ENTRY--PERSONAL NAME
Personal name Muhammad Fahad Ali, Mirza Rameez Baig & Ibrahim Ahmed
245 #0 - TITLE STATEMENT
Title MAHASIB (CODE BOOK)
260 ## - PUBLICATION, DISTRIBUTION, ETC.
Place of publication, distribution, etc. Karachi:
Name of publisher, distributor, etc. UITU,
Date of publication, distribution, etc. 2015
600 ## - SUBJECT ADDED ENTRY--PERSONAL NAME
Personal name Computer Science
650 ## - SUBJECT ADDED ENTRY--TOPICAL TERM
Topical term or geographic name entry element Bachelor of Computer Science (BS)
856 ## - ELECTRONIC LOCATION AND ACCESS
Uniform Resource Identifier <a href="https://drive.google.com/file/d/1r1QKnLWdHCxbFr_O6szMwGxjYKiw-cxh/view?usp=sharing">https://drive.google.com/file/d/1r1QKnLWdHCxbFr_O6szMwGxjYKiw-cxh/view?usp=sharing</a>
Link text Click here for PDF

No items available.

Powered by Koha